000 01660nam a22004457a 4500
003 CHAP
005 20220329141245.0
008 971010s1983 r 00010 d
010 _a65244
011 _a66216
035 _a74223
040 _cCHAP
090 _aTesis
100 0 0 _aMendoza Galarza, Jorge Antonio.
_974648
245 _aEstimación de los requerimientos de agua y fertilización nitrogenada de la caña de azúcar (Sacharum officinarum) en Cardel, Ver.
260 _aChapingo, Méx. :
_bEl autor,
_c1983
300 _a98 h.
_b; apénd.
500 _a/
502 _aTesis (Ing. Agr. Esp. en Irrigación) -- UACH. Departamento de Irrigación
590 _aALEPH
_b10
_c20130110
_lUCH01
_h1355
590 _aBATCH-UPD
_b10
_c20130110
_lUCH01
_h1612
590 _aBATCH-UPD
_b10
_c20130410
_lUCH01
_h1007
590 _aBATCH-UPD
_b10
_c20130914
_lUCH01
_h0836
590 _aCONVERSION
_b10
_c20130109
_lUCH01
_h1336
650 1 4 _aCaña de azúcar
_xIrrigación.
_918618
650 1 4 _aCaña de azúcar
_xRendimiento.
_918643
650 1 4 _aCaña de azúcar
_zVeracruz.
_918672
650 1 4 _aFertilizantes nitrogenados.
_940596
901 _aBK
942 _cFOLL
949 _bBC
_cTES
_d-147457
_eTS1
_i74223
_si
949 _bBC
_cTES
_d-147458
_eTS2
_fc.2
_i74223
_si
949 _bBC
_cTES
_d-147459
_eTS2
_fc.3
_h21809
_i74223
_si
949 _bI
_cTES
_d-62573
_eTS2
_fc.2
_h387
_i74223
_si
949 _bI
_cTES
_d-62574
_eTS2
_fc.3
_h388
_i74223
_si
949 _bI
_cTES
_d-62575
_eTS2
_fc.4
_h389
_i74223
_si
949 _bI
_cTES
_d-62577
_eTS2
_fc.5
_h390
_i74223
_si
949 _bI
_cTES
_d-7080
_eTS1
_h386
_i74223
_si
949 _bZA
_cTESBD
_d-8835
_eTS1
_h239
_i74223
_si
999 _c65244
_d65244